Nové bezpečnostné návody a smernice Úradu jadrového dozoru SR v oblasti zvárania komponentov jadrových zariadení

Podrobná bibliografia
Hlavný autor: Vrbenský, Jozef (Autor)
Médium: Článok
Jazyk:slovenčina
Fyzický popis:Sch.
ISSN:0044-5525
Predmet:

MARC

LEADER 00000nab a2200000 a 4500
001 vtls000731364
003 SK-MaSNL
005 20260304215458.0
008 250429c2000 xo 0 slo
015 |a SNBRB2000/09-23117 
035 |a CLN000083487 
035 |a urn:nbn:sk:snk-ab6oa3 
035 |a (uuid)c90fcba7-fab5-4974-96b0-a208dda446a6 
035 |a (urnnbn)urn:nbn:sk:snk:ar-005ocv 
035 |a (sysno)vtls000731364 
040 |a SNKBUCL  |b slo  |c SNKBUCL  |e AACR2 
041 0 |a slo 
044 |a xo  |c SK 
080 |a 621.791:621.039:614.8  |2 1997 
080 |a 621.039  |2 1997 
080 |a 614.8  |2 1997 
100 1 |a Vrbenský, Jozef  |4 aut  |9 295296 
245 1 0 |a Nové bezpečnostné návody a smernice Úradu jadrového dozoru SR v oblasti zvárania komponentov jadrových zariadení  |c Jozef Vrbenský 
300 |b Sch. 
504 |a Bibliogr. odkazy 
650 0 7 |a jadrové zariadenia  |2 snkbucl  |9 67167 
650 0 7 |a jadrová bezpečnosť  |2 snkbucl  |9 68262 
650 0 7 |a zváranie  |2 snkbucl  |9 1839 
655 7 |a články z novín a časopisov  |2 snkbucl  |9 267496 
773 0 |t Zváranie  |g Roč. 49, č. 8 (2000), s. 178-182  |x 0044-5525 
850 |a Slovenská národná knižnica 
852 |a Slovenská národná knižnica 
954 |a odborná, vedecká literatúra pôvodná (slovenská)  |2 lita 
958 |a article 
958 |a OND 
958 |a NB 
958 |a EUIPO 
992 |a RBX 
999 |c 3146357  |d 3148287